[Event "FIDE WCC 2018"]
[Site "Khanty-Mansiysk"]
[Date "2018.11.06"]
[Round "2.1"]
[White "Galliamova, Alisa"]
[Black "Goryachkina, Aleksandra"]
[Result "1-0"]
[WhiteElo "2432"]
[BlackElo "2534"]
[Annotator "TA"]
[PlyCount "121"]
[EventDate "2018.11.03"]
[EventType "k.o."]
[EventCountry "RUS"]
[SourceTitle "playchess.com"]
[Source "ChessBase"]
[SourceQuality "1"]

{[%evp 22,121,29,-2,10,22,72,60,76,68,102,0,107,104,107,120,149,143,215,187,287,234,265,282,331,343,339,301,300,302,299,298,291,291,300,291,349,279,461,375,477,379,433,429,445,434,474,381,399,372,387,382,374,370,419,443,452,440,441,274,407,410,441,441,456,466,485,541,537,536,531,508,524,526,645,514,485,470,1411,1535,1528,1502,1433,1214,1429,1134,5915,5907,5289,5114,29971,29972,29971,29973,29972,29974,29974,29975,29979,29980,29978,29978]} 1. d4 d5 2. c4 c6 3. Nc3 Nf6 4. e3 e6 5. Nf3 Nbd7 6. Bd3 dxc4 7. Bxc4 b5 8. Bd3 Bd6 9. Qc2 {D47: Damengambit (Meraner Variante)} Bb7 10. e4 e5 11. Bg5 h6 12. Bh4 {LiveBook: 3 Partien} O-O 13. O-O-O {[#]} Qb8 $146 ({Vorgänger:} 13... Qe7 14. Kb1 a6 15. dxe5 Nxe5 16. Nd4 g6 {½-½ (41) Adhiban,B (2671)-Nguyen,N (2618) Hamedan 2018}) 14. Kb1 b4 15. Na4 Re8 16. Nc5 (16. dxe5 $16 Nxe5 17. Bxf6 gxf6 18. Nxe5 Rxe5 19. Bc4) 16... exd4 (16... Bxc5 $1 $11 {hält das Gleichgewicht.} 17. dxc5 a5) 17. Nxb7 $16 Qxb7 18. Nxd4 c5 19. Nf5 Be5 (19... Bf8 $16) 20. Rhf1 $18 {Und weiter mit f4 wäre nett.} Qc7 (20... Bd4 $142 21. Nd6 Qb6) 21. Bb5 Reb8 {[#]} 22. Bc6 $1 {[%mdl 512]} c4 {Droht ...b3.} (22... Qxc6 23. Ne7+) 23. Bxa8 ({Viel schwächer ist} 23. Qxc4 Re8 $18) 23... Rxa8 {[#]} 24. f4 $1 Bxf4 {[#]} 25. Rxd7 $1 {[%mdl 512]} Nxd7 {[#]} (25... Qxd7 26. Bxf6) 26. Ne7+ $1 Kh8 27. Nd5 $1 {[%csl LRb4,LRc7,LRf4]} Qc5 28. Nxf4 Qb5 29. Qe2 Nb6 $2 (29... Re8 30. Rd1 Nb6) 30. Bf2 b3 31. a3 Rd8 32. Bxb6 axb6 33. Nd5 Qc6 34. Qf2 Qe6 35. Nc3 f6 36. g3 Rd3 37. Qf5 Qe8 38. e5 fxe5 39. Qf8+ Qxf8 40. Rxf8+ {[%mdl 4096] Endspiel KTS-KT} Kh7 41. Kc1 Kg6 42. Rb8 Rf3 43. Rxb6+ Kf5 44. a4 Rf2 45. a5 {Und a6 würde nun gewinnen.} Rc2+ 46. Kb1 e4 {beabsichtigt ...e3.} 47. Rd6 {Droht stark a6.} Rf2 48. Rd1 e3 49. Re1 Rxh2 (49... Kg4 $142 50. Nd1 Rf7 51. Nxe3+ Kh3 52. Nxc4 Kxh2) 50. a6 Rd2 51. a7 Rd8 52. Rxe3 Kg4 53. Kc1 g5 {[#]} 54. Nd5 $1 {[%mdl 512]} Ra8 (54... Rxd5 55. a8=Q) 55. Re7 Kxg3 56. Nb6 {Weiß setzt Matt.} Rf8 57. a8=Q Rxa8 58. Nxa8 h5 59. Nb6 h4 60. Nxc4 h3 61. Rh7 {Precision: Weiß = 98%, Schwarz = 31%.} 1-0

[Event "FIDE WCC 2018"]
[Site "Khanty-Mansiysk"]
[Date "2018.11.06"]
[Round "2.1"]
[White "Bodnaruk, Anastasia"]
[Black "Muzychuk, Anna"]
[Result "0-1"]
[WhiteElo "2426"]
[BlackElo "2564"]
[Annotator "TA"]
[PlyCount "128"]
[EventDate "2018.11.03"]
[EventType "k.o."]
[EventCountry "RUS"]
[SourceTitle "playchess.com"]
[Source "ChessBase"]
[SourceQuality "1"]

{[%evp 27,128,17,17,-31,-19,-9,-2,-22,-32,-26,-19,0,0,-68,-47,-54,-30,-43,-45,-98,-23,-202,-54,-83,-82,-94,-74,-94,-42,-64,-50,-94,-91,-126,-109,-114,-106,-156,-166,-160,-132,-223,-223,-223,-223,-280,-223,-223,-211,-223,-214,-230,-214,-214,-214,-212,-193,-230,-230,-206,-172,-181,-166,-176,-176,-170,-172,-344,-344,-329,-329,-317,-289,-397,-382,-396,-392,-381,-379,-343,-348,-452,-440,-516,-506,-536,-533,-586,-585,-548,-568,-686,-686,-685,-648,-744,-743,-712,-687,-733,-733,-29975,-29976]} 1. e4 c5 2. Nf3 Nc6 3. d4 cxd4 4. Nxd4 Nf6 5. Nc3 e5 6. Ndb5 d6 7. Bg5 a6 8. Na3 b5 9. Bxf6 gxf6 10. Nd5 f5 11. Bd3 Be6 12. O-O Bxd5 13. exd5 Ne7 14. c4 Bg7 {LiveBook: 63 Games. White should prevent ...e4.} 15. cxb5 {B33: Sicilian: Pelikan and Sveshnikov Variations} (15. Rb1 e4 16. Be2 bxc4 17. Nxc4 O-O 18. f4 Rb8 19. Kh1 Rb5 20. Ne3 Rxb2 21. Rxb2 Bxb2 22. Qd2 Bg7 {½-½ (39) Ivanchuk,V (2731)-Lautier,J (2682) Odessa 2006}) 15... e4 16. Bc4 Bxb2 17. bxa6 {Rb1 is the strong threat.The position is equal.} O-O 18. Nc2 {Strongly threatening Rb1.} Bxa1 19. Qxa1 Ng6 $36 {[%mdl 2048] Black has some pressure.} 20. f4 $146 (20. Nd4 $11) ({Predecessor:} 20. Nd4 f4 21. Re1 Re8 22. Bb5 Re5 {1-0 (51) Pinkas,K (2390)-Gladyszev,O (2280) Gyongyos 1995}) 20... exf3 21. Rxf3 Ne5 22. Rg3+ Kh8 23. Qd4 {[#]} (23. Nd4 $15) 23... Qf6 (23... Qc7 $1 $17 {[%cal Rc7c4]} 24. Bd3 Rg8) 24. Kh1 $2 (24. Bf1 $1 $11 {and White stays safe.}) 24... Rg8 ({Black should play} 24... Rfc8 $19 25. Bd3 Qh6) 25. Rxg8+ Rxg8 26. Bf1 {[#]} f4 $1 27. Ne1 Qf5 (27... Kg7 $17) 28. Bd3 Qg4 29. Bb5 f6 30. a7 f3 {[%cal Rf3g2]} 31. Qxg4 Nxg4 32. Nxf3 $17 {[%mdl 4096] Endgame aiming for Bc6. KRN-KBN} Ra8 33. a4 Rxa7 34. Nd2 (34. Kg1 $17 {was necessary.}) 34... Rc7 $19 35. Kg1 Rc1+ 36. Nf1 Ne3 37. Kf2 Nxd5 38. Ne3 Nc3 39. Bd7 Ra1 40. Nf5 d5 41. Bc6 Rc1 42. Bd7 Rc2+ 43. Kf3 {[#]} d4 $1 44. Nxd4 Rd2 45. Ke3 Rxg2 46. Kd3 Nd5 47. h4 $2 (47. a5) 47... Rg3+ 48. Kd2 Nb6 49. Bc6 Ra3 50. Nc2 Nc4+ 51. Ke2 Ra2 52. Kd1 Nb2+ 53. Kd2 Nxa4 54. h5 Nb6 55. Kc3 Ra5 {Hoping for ...Rc5+.} 56. Bf3 Kg7 57. Kd3 f5 58. Nd4 Kf6 59. Ke3 Nd5+ 60. Kf2 Nf4 61. Nc6 Ra2+ 62. Ke3 Kg5 63. Ne5 Ra3+ 64. Kf2 Nd3+ {Precision: White = 25%, Black = 74%.} 0-1

[Event "FIDE WCC 2018"]
[Site "Khanty-Mansiysk"]
[Date "2018.11.06"]
[Round "2.1"]
[White "Zawadzka, Jolanta"]
[Black "Koneru, Humpy"]
[Result "1/2-1/2"]
[WhiteElo "2407"]
[BlackElo "2548"]
[Annotator "TA"]
[PlyCount "52"]
[EventDate "2018.11.03"]
[EventType "k.o."]
[EventCountry "RUS"]
[SourceTitle "playchess.com"]
[Source "ChessBase"]
[SourceQuality "1"]

{[%evp 28,52,20,19,18,24,15,19,23,13,16,17,17,14,14,6,24,7,25,0,0,0,0,0,0,0,0]} 1. e4 e5 2. Nf3 Nf6 3. Nxe5 d6 4. Nf3 Nxe4 5. d4 d5 6. Bd3 Bd6 7. O-O O-O 8. c4 c6 9. Nc3 Nxc3 10. bxc3 dxc4 11. Bxc4 Bf5 12. Bg5 {C42: Petroff Defence: 3 Nxe5 and unusual White 3rd moves} (12. Ng5 h6 13. Qf3 Bg6 14. Ne4 Bxh2+ 15. Kxh2 Qh4+ 16. Qh3 Qxh3+ 17. gxh3 Bxe4 18. Rg1 Re8 19. Bxh6 g6 {½-½ (52) Vachier Lagrave,M (2780)-Wang,H (2722) Douglas 2018}) 12... Qa5 13. Nh4 Be6 14. Bxe6 Qxg5 15. Nf3 {LiveBook: 4 Games} Qa5 16. Bb3 Nd7 17. Qd3 Nf6 {[#]} 18. Rfe1 $146 ({Predecessor:} 18. g3 g6 19. Rae1 Rae8 {½-½ (27) Cornette,M (2600)-Tregubov,P (2578) Brest 2018}) 18... Rae8 19. g3 g6 20. Kg2 Kg7 21. h4 h6 22. Rac1 Qc7 23. Qc4 Nh5 {[%cal Rd6g3] [#] aiming for ...Bxg3!The position is equal.} 24. Rxe8 Rxe8 25. Re1 Rxe1 26. Nxe1 Qe7 {Precision: White = 64%, Black = 76%.} 1/2-1/2

[Event "FIDE WCC 2018"]
[Site "Khanty-Mansiysk"]
[Date "2018.11.06"]
[Round "2.1"]
[White "Zhu, Jiner"]
[Black "Pogonina, Natalija"]
[Result "1-0"]
[WhiteElo "2379"]
[BlackElo "2465"]
[Annotator "TA"]
[PlyCount "71"]
[EventDate "2018.11.03"]
[EventType "k.o."]
[EventCountry "RUS"]
[SourceTitle "playchess.com"]
[Source "ChessBase"]
[SourceQuality "1"]

{[%evp 9,71,10,12,10,24,15,15,0,1,0,0,-25,-2,0,0,0,0,0,0,0,0,-66,2,9,40,40,69,62,75,70,139,148,261,239,284,100,312,127,115,130,269,247,404,386,337,320,1400,846,851,580,1843,2240,29990,29991,29992,29987,29990,29988,29992,29990,29990,29991,29991,29992]} 1. e4 e5 2. Nc3 Nf6 3. g3 Be7 4. Bg2 O-O 5. Nge2 c5 (5... c6 6. O-O d5 7. exd5 cxd5 8. d4 e4 9. f3 exf3 10. Bxf3 Bh3 11. Re1 Bb4 12. Bg5 {1-0 (56) Ebeling,D (2477)-Karttunen,M (2465) Helsinki 2017}) 6. d3 {C26: Vienna Game: 2...Nf6, sidelines} d6 7. h3 Nc6 8. f4 {The position is equal.} Rb8 $146 ({Predecessor:} 8... Bd7 9. f5 Rc8 10. g4 h6 11. Ng3 {0-1 (46) Vriens,H (1828)-Schulenberg,H (2168) ICCF email 2015}) 9. a4 a6 10. f5 h6 11. O-O b5 12. axb5 axb5 13. Nd5 Nxd5 14. exd5 Nd4 15. c3 (15. Be4 $11) 15... Nxe2+ (15... Nxf5 $15 16. Be4 g6) 16. Qxe2 $11 Bb7 17. Be4 Bf6 18. h4 Re8 19. Qh5 Ra8 (19... Qe7 $1 $14) 20. Rxa8 $1 $16 Bxa8 (20... Qxa8 $16 {was worth a try.} 21. g4 Bxd5) 21. Kh2 c4 22. dxc4 $2 (22. g4 $18 {is more deadly.}) 22... bxc4 $2 {[#]} (22... Qc7 $16) 23. Kh3 (23. g4 $1 $18 {is the precise move to win.}) 23... Qa5 24. Qf3 Rb8 {[#]} (24... Qd8 $16 {might work better.}) 25. g4 $1 $18 Rb5 $2 (25... Qd8 {is a better defense.}) 26. g5 hxg5 27. hxg5 Bd8 $2 (27... Kf8 28. gxf6 gxf6) 28. Rd1 Qa7 29. Kg3 Qb7 30. Qh5 {Intending f6 and mate.} Rxb2 31. f6 {White mates.} gxf6 32. Qh7+ Kf8 33. g6 Rb3 34. g7+ Ke7 35. g8=Q {[%csl Gg8][%cal Rh7f7]} Rxc3+ 36. Kh2 {Precision: White = 52%, Black = 23%.} 1-0

[Event "FIDE WCC 2018"]
[Site "Khanty-Mansiysk"]
[Date "2018.11.06"]
[Round "2.1"]
[White "Zhai, Mo"]
[Black "Batsiashvili, Nino"]
[Result "1-0"]
[WhiteElo "2352"]
[BlackElo "2465"]
[Annotator "TA"]
[PlyCount "127"]
[EventDate "2018.11.03"]
[EventType "k.o."]
[EventCountry "RUS"]
[SourceTitle "playchess.com"]
[Source "ChessBase"]
[SourceQuality "1"]

{[%evp 19,127,0,0,0,7,0,20,6,16,-11,-8,-27,-19,-22,-14,-36,-27,-124,-110,-177,-111,-110,-58,-153,-144,-122,-77,-104,-52,-185,93,94,76,82,217,212,283,227,224,225,221,216,217,214,207,220,245,249,242,233,237,247,238,248,247,234,246,248,242,241,267,257,333,343,347,340,440,422,360,354,513,490,513,513,506,506,506,499,499,485,483,451,487,472,458,458,1102,1094,1083,675,668,632,2460,2905,5612,4220,29967,29968,29972,29973,29973,29974,29975,29975,29975,29977,29980,29977,29978,29979]} 1. d4 Nf6 2. c4 e6 3. Nc3 Bb4 4. Nf3 b6 5. Bd2 Bb7 6. e3 O-O 7. Bd3 d5 8. cxd5 exd5 9. Rc1 {E52: Nimzoindisch (Moderne Variante)} Be7 10. O-O c5 {LiveBook: 6 Partien} 11. dxc5 {Die Stellung ist ausgeglichen.} bxc5 12. Re1 Nc6 13. b3 $146 ({Vorgänger:} 13. Bb1 Re8 14. e4 dxe4 15. Nxe4 Nd4 {½-½ (54) Vitiugov,N (2730)-Inarkiev,E (2690) Satka 2018}) 13... Re8 14. Na4 Ne4 15. Qc2 Bd6 16. Red1 Re6 17. Be1 Qe7 18. Nc3 (18. g3 $11 {hält das Gleichgewicht.}) 18... Nb4 $17 19. Qb1 (19. Qe2 $17 {war nötig.}) 19... Rh6 (19... Re8 $1 $19 20. Bb5 d4 $1 {[%mdl 512]}) 20. h3 Rd8 ({Besser ist} 20... Nxc3 $17 21. Bxc3 d4 22. Bxb4 Bxf3 23. gxf3 dxe3 24. Bxh7+ Rxh7) 21. Ne2 (21. Bf1 $1 $15) 21... Nxd3 22. Qxd3 Bc7 23. Qc2 Bb8 (23... Bb6 $17 24. a4 a5) 24. Nd2 {[#]} ({Lieber} 24. Nh2 $15) 24... d4 $2 (24... Ng5 $1 $19 {Und ...De6 würde nun gewinnen.} 25. Ng3 Bxg3 26. fxg3 Qxe3+ 27. Bf2 Qe6) 25. Nxe4 $16 Bxe4 26. Qxc5 Bd6 (26... Qb7 $16 27. Rxd4 Re8) 27. Qxd4 $18 {Droht Sg3 und aus.} Bb7 28. Ng3 (28. Qxa7 $6 Re8 $18) 28... Rg6 29. Bb4 (29. Qxa7 h5) 29... h5 30. h4 ({Auf keinen Fall} 30. Qxa7 $6 Rxg3 31. fxg3 Qe4 $16) 30... Kh7 31. Bxd6 ({Lieber nicht} 31. Qxa7 Rxg3 32. fxg3 Qe4 $11) 31... Rgxd6 32. Qa1 Qxh4 33. Rxd6 $40 {[%mdl 128] Weiss greift entschieden an.} Rxd6 34. Qxg7+ ({Minderwertig wäre} 34. Rc7 Qd8 $15) 34... Kxg7 35. Nf5+ Kf6 36. Nxh4 {[%mdl 4096] Endspiel KTL-KTS} Ra6 37. Rc7 Bd5 38. Rc5 Ke6 39. Rc2 Ra3 40. Nf3 Bxf3 41. gxf3 {KT-KT} a5 42. Kg2 Kf5 43. Kg3 Kg5 44. Rd2 f6 (44... Kf6 $142 45. Kh4 a4) 45. Rc2 Kf5 46. Rc4 {Schwarz muss nun Ta4 beachten.} Rxa2 {[#]} 47. Ra4 $1 Rb2 48. Rxa5+ Ke6 49. Rb5 Rb1 50. Kg2 h4 51. Rb6+ Ke5 52. b4 f5 (52... Rb2 $142 53. f4+ Kf5) 53. f4+ Kd5 54. Rf6 Ke4 55. Re6+ Kd3 56. Re5 Ke2 57. Rxf5 Rxb4 58. Kh3 {Weiß setzt Matt.} Kxf2 59. Re5 Rb8 60. Kxh4 Rg8 61. f5 {[%cal Bf4f5,Bf5f6][%mdl 32]} Kf3 62. f6 Rg6 63. Re6 Ke2 64. Kh5 {Precision: Weiß = 63%, Schwarz = 27%.} 1-0

[Event "FIDE WCC 2018"]
[Site "Khanty-Mansiysk"]
[Date "2018.11.07"]
[Round "2.2"]
[White "Muzychuk, Anna"]
[Black "Bodnaruk, Anastasia"]
[Result "1-0"]
[WhiteElo "2564"]
[BlackElo "2426"]
[Annotator "TA"]
[PlyCount "67"]
[EventDate "2018.11.03"]
[EventType "k.o."]
[EventCountry "RUS"]
[SourceTitle "playchess.com"]
[Source "ChessBase"]
[SourceQuality "1"]

{[%evp 20,67,46,46,48,21,23,20,23,33,79,5,19,5,54,59,93,93,138,156,185,181,169,129,147,120,184,167,267,256,257,260,445,441,434,452,500,487,627,487,487,487,474,459,449,437,612,608,1375,1353]} 1. e4 c5 2. Nf3 Nc6 3. Bb5 g6 4. O-O Bg7 5. c3 Nf6 6. Re1 O-O 7. d4 d5 8. e5 Ne4 9. Bxc6 bxc6 10. Nbd2 {B31: Sicilian: 2...Nc6 3 Bb5 g6} Nxd2 (10... Bf5 11. Nh4 Be6 12. Nxe4 dxe4 13. Rxe4 cxd4 14. cxd4 c5 15. Be3 Qd5 16. Qc2 cxd4 17. Rxd4 Qxe5 18. Nf3 Qb5 {½-½ (45) Fedoseev,V (2664)-Motylev,A (2653) Khanty-Mansiysk 2015}) 11. Nxd2 {LiveBook: 11 Games} f6 12. e6 {White is slightly better.} cxd4 13. cxd4 Qd6 14. Nb3 f5 $146 ({Predecessor:} 14... Bxe6 15. Bf4 Qxf4 16. Rxe6 f5 17. Qe2 a5 18. Rd1 a4 19. Nc5 Qg4 20. Qd2 {1-0 (36) Stefanov,P (2272)-Winkler,T (2342) IECG email 2000}) 15. Bd2 (15. Nc5 $16) 15... f4 $11 16. Rc1 Rb8 17. Qc2 $1 Rb6 18. Ba5 Ra6 19. Qd2 f3 {[#]} 20. g3 $1 Rf6 21. Bb4 $36 {[%mdl 2048] White has strong initiative.} Qd8 22. a3 Qf8 (22... Bxe6 $16 23. Nc5 Bc8) 23. Rc3 $18 Bh6 {[#]} (23... Rb6 {was necessary.}) 24. Qd1 $1 Rb6 25. Nc5 a5 $2 (25... Qe8 26. Rxf3 Bg7 27. Rxf6 Bxf6) 26. Bxa5 {White is clearly winning.} Rxb2 27. Nd7 Bxd7 28. exd7 Rd6 29. d8=Q Rxd8 30. Rxf3 Qe8 31. Bxd8 Qxd8 32. Rb3 Rd2 (32... Rxb3 $142 33. Qxb3 Qc7) 33. Qg4 Bf8 34. Qf4 {Precision: White = 80%, Black = 28%.} 1-0

[Event "FIDE WCC 2018"]
[Site "Khanty-Mansiysk"]
[Date "2018.11.07"]
[Round "2.2"]
[White "Koneru, Humpy"]
[Black "Zawadzka, Jolanta"]
[Result "0-1"]
[WhiteElo "2548"]
[BlackElo "2407"]
[Annotator "TA"]
[PlyCount "156"]
[EventDate "2018.11.03"]
[EventType "k.o."]
[EventCountry "RUS"]
[SourceTitle "playchess.com"]
[Source "ChessBase"]
[SourceQuality "1"]

{[%evp 20,156,0,-22,0,0,0,0,0,-10,0,0,0,0,0,0,0,0,0,0,0,0,0,-11,-9,-13,-13,-30,-24,-59,-22,-20,-22,-25,-36,-105,-63,-123,0,0,0,0,0,0,0,-20,-29,-229,-201,-220,-213,-840,-433,-365,0,-817,-816,-779,-749,-545,0,-625,-608,-558,-528,-652,-617,-1416,-570,-446,-325,-325,-325,-325,-325,-325,-325,-325,-325,-325,-325,-297,-230,-325,-325,-1122,-1070,-1499,-1179,-29949,-29955,-29959,-29960,-29953,-29962,-29968,-29969,-29969,-29970,-29969,-29971,-29973,-29974,-29979,-29964,-29973,-29962,-29963,-29961,-29965,-29961,-29969,-29963,-29965,-29966,-29967,-29969,-29963,-7883,-150,-668,-12340,-2074,-9856,-143,-29948,-143,-29948,-2899,-29978,-29979,-29979,-29980,-29980,-29981,-29981,-29982,-29982,-29983]} 1. d4 d5 2. c4 e6 3. Nf3 Nf6 4. Nc3 dxc4 5. e3 a6 6. Bxc4 b5 7. Bd3 Bb7 8. O-O c5 9. Qe2 Nbd7 10. Rd1 Qb8 11. b3 {LiveBook: 6 Games. D48: Semi-Slav: Meran System: 7...b5 8 Bd3 a6} (11. h3 Be7 12. b3 O-O 13. Bb2 cxd4 14. Nxd4 Ne5 15. Bc2 Bc5 16. Rac1 Rd8 17. Bb1 Bxd4 18. Rxd4 Rxd4 19. exd4 {0-1 (40) Ikonnikov,V (2550)-Van Wely,L (2689) Spijkenisse 2011}) 11... Be7 12. Bb2 O-O 13. Rac1 {The position is equal.} Rc8 $146 ({Predecessor:} 13... Bd6 14. h3 Rd8 15. Bb1 Qa7 16. Ng5 cxd4 17. exd4 Bf4 18. Nf3 Bxc1 19. Bxc1 {0-1 (37) De Oliveira,S (2293)-Chauca,J (2086) Sete Lagoas 2009}) 14. Bb1 Nb6 15. dxc5 Rxc5 16. Nd2 Qe8 17. Nce4 Nxe4 18. Nxe4 Rxc1 19. Rxc1 Rc8 20. Rxc8 Qxc8 21. Qd3 {Hoping for Qd4.} Nd5 22. Ng3 g6 23. Ne4 Qc6 24. f3 f6 25. h4 Qb6 26. Bd4 Qa5 27. Kf2 (27. h5 $15) 27... e5 28. Bc5 (28. Bb2 $15) 28... Bxc5 (28... f5 $17 29. Nd6 Bc6) 29. Nxc5 $11 Bc6 $36 {[%mdl 2048] White is under pressure.} 30. h5 f5 31. hxg6 hxg6 32. g4 Qd8 {Strongly threatening ...Qe7.} 33. Ne6 $2 (33. gxf5 $11 {and White stays safe.} Qh4+ 34. Ke2) 33... Qh4+ $19 34. Ke2 Qh2+ 35. Kf1 $2 (35. Kd1 Qh1+ 36. Kd2 Qxf3 37. gxf5) 35... Qh1+ 36. Kf2 Qh2+ $2 (36... b4 37. Qxa6 Qh2+ 38. Ke1 Qg1+ 39. Qf1 Qxe3+ 40. Qe2 Qxe2+ 41. Kxe2 Nc3+ 42. Kf2 Nxb1) 37. Kf1 b4 38. Nc7 Qh1+ 39. Kf2 Qh2+ $2 (39... e4 $19 40. fxe4 Qh2+ 41. Kf1 Qxc7) 40. Ke1 $2 {[%mdl 8192]} (40. Kf1 $11 Qh1+ 41. Kf2 Qh2+ 42. Ke1) 40... Qg1+ 41. Kd2 Qf2+ 42. Kc1 Qe1+ (42... Nxc7 $2 43. Qc4+ Bd5 44. Qxc7 $17) 43. Kc2 Nxc7 (43... Nxe3+ $142 44. Kb2 e4 45. fxe4 fxe4 46. Qd8+ Kf7) 44. Qc4+ Nd5 45. Qxc6 Qe2+ (45... Nxe3+ 46. Kb2 $17) 46. Kc1 Qxe3+ 47. Kb2 Qd4+ $1 48. Kc1 Qc3+ $1 49. Qxc3 Nxc3 {[%mdl 4096] Endgame KB-KN} 50. Bd3 e4 ({Not} 50... Nxa2+ 51. Kb2 $17) 51. Bc4+ (51. Bxa6 $142 exf3 52. gxf5) 51... Kg7 52. gxf5 $2 (52. fxe4 fxg4 53. Kd2) 52... gxf5 53. fxe4 fxe4 54. Bxa6 Nxa2+ 55. Kd2 Kf6 56. Ke3 Ke5 $1 57. Bf1 Nc3 58. Bc4 Nd5+ 59. Kd2 Kd4 60. Ke2 Nf4+ 61. Kf2 Ng6 62. Ke2 Ne5 63. Bb5 Nf7 64. Kd2 Nd6 65. Bf1 Ke5 66. Ba6 Kf4 67. Ke2 Nf5 68. Bc4 Ng3+ (68... Nd4+ $142 69. Kf2 e3+ 70. Kf1 Ke4 71. Ke1 Ke5 72. Kd1 Ke4 73. Ke1 Nf3+ 74. Ke2 Ng1+ 75. Kf1 Nh3 76. Ba6 Nf4 77. Ke1 Kd4 78. Kd1 Kc3 79. Bc4 e2+ 80. Ke1 Kc2 81. Ba6 Kxb3 82. Bc8 Ka2 83. Ba6 b3 84. Bc4 Ka3 85. Bg8 Nd3+ 86. Kxe2 b2 87. Bh7 b1=Q 88. Bxd3 Qb3 89. Ke3 Kb2 90. Kd2 Qe6 91. Be2 Qe4 92. Bd1 Qd4+ 93. Ke1 Qe3+ 94. Kf1 Kc3 95. Kg2 Kd3 96. Bf3 Qg5+ 97. Kf2 Qh4+ 98. Kg2 Ke3 99. Bd1 Qf2+ 100. Kh1 Kf4 101. Ba4 Kg3 102. Be8 Qh2#) 69. Kf2 e3+ $2 (69... Nh1+ $17 70. Ke2 Ng3+ 71. Kf2 e3+ 72. Ke1 Ke5) 70. Ke1 Ke4 $1 71. Ba6 Kd4 $2 (71... Nf5 $1 $19 {[%cal Rf5d4] has better winning chances.} 72. Bb7+ Kf4) 72. Bc4 $2 {[%mdl 8192]} (72. Kd1 $17) 72... Ne4 $1 {[%cal Re4d6]} 73. Ke2 $2 {[%mdl 8192]} (73. Bf7 $17) 73... Nc5 (73... Nc3+ $142 74. Kf3 Na2 75. Ke2 Ke4 76. Bd3+ Kd4 77. Bc4 Nc1+ 78. Kd1 Nd3 79. Bb5 Nf2+ 80. Ke2 Nh3 81. Kd1 Ng1 82. Ba6 Kc3 83. Bc4 e2+ $1 {[%mdl 512]} 84. Ke1 Kc2 85. Ba6 Kxb3 86. Kd2 Kb2 87. Bc4 Ka3 88. Bg8 b3 89. Bh7 Kb4 90. Be4 Ka4 91. Bc6+ Ka3 92. Be4 Kb4 93. Bh7 Ka3 94. Be4 Kb4 95. Bb1 Kc5 96. Bh7 Kb5 97. Bb1 Kb4 98. Bd3 Kc5 99. Bh7 Kb6 100. Bg8 b2 101. Bh7 Kc6 102. Bg6 Kb7 103. Bc2 Kc6 104. Bd3 Kc5 105. Bg6 Kd5 106. Bb1 Kc5 107. Bg6 Kd5 108. Bb1 Kd6 109. Bc2 Ke5 110. Ke1 Ke6 111. Bb1 Ke5 112. Bc2 Kf4 113. Kf2 Kg5 114. Bh7 Kh6 115. Bb1 Kg7 116. Ke1 Kf6 117. Bc2 Ke5 118. Kf2 Kd5 119. Ke1 Ke5 120. Kf2 Kd6 121. Ke1 Kc5 122. Bb1 Kd4 123. Kf2 Ke5 124. Bh7 Kd4 125. Bb1 Kc4 126. Ke1 Kd4 127. Kd2 Ke5 128. Ke1 Kf4 129. Kf2 Ke5 130. Bg6 Kd5 131. Ke1 Kd4 132. Kd2 Ke5 133. Ke1 Kd4 134. Kd2 Kc5 135. Bb1 Kb4 136. Ke1 Ka3 137. Kd2 Kb3 138. Ke1 Kc3 139. Bh7 Kb3 140. Bb1 Kb4 141. Bh7 Kb3 142. Bb1) 74. Bg8 Nd3 {Black mates.} 75. Bc4 {[#]} Nf4+ $1 76. Ke1 Kc3 77. Kd1 {[#]} e2+ $1 {[%mdl 512]} 78. Ke1 (78. Bxe2 Nxe2) 78... Kc2 {Precision: White = 34%, Black = 62%.} 0-1

[Event "FIDE WCC 2018"]
[Site "Khanty-Mansiysk"]
[Date "2018.11.07"]
[Round "2.2"]
[White "Goryachkina, Aleksandra"]
[Black "Galliamova, Alisa"]
[Result "0-1"]
[WhiteElo "2534"]
[BlackElo "2432"]
[Annotator "TA"]
[PlyCount "106"]
[EventDate "2018.11.03"]
[EventType "k.o."]
[EventCountry "RUS"]
[SourceTitle "playchess.com"]
[Source "ChessBase"]
[SourceQuality "1"]

{[%evp 16,106,35,19,29,15,25,25,25,22,18,26,35,0,0,-15,0,-16,74,-12,0,-42,-3,-17,-10,-14,52,-109,-105,-127,-122,-212,-158,-156,-189,-277,-311,-289,-306,-328,-312,-381,-333,-328,-317,-313,-214,-235,-178,-258,-245,-342,-327,-356,-354,-320,-327,-347,-303,-313,-288,-362,-362,-343,-364,-421,-438,-435,-424,-408,-434,-428,-398,-431,-430,-533,-358,-442,-440,-447,-436,-421,-415,-439,-440,-414,-431,-377,-352,-1528,-1386,-4137,-4076]} 1. e4 e5 2. Nf3 Nc6 3. Bb5 g6 4. c3 a6 5. Ba4 Bg7 6. d4 {C70: Ruy Lopez: 3...a6 4 Ba4, Norwegian and Delayed Schliemann} exd4 (6... b5 7. Bb3 exd4 8. cxd4 d6 9. h3 Nf6 10. O-O O-O 11. Re1 Bb7 12. Nbd2 Nb4 13. Nf1 {0-1 (33) Hansen,E (2629)-Anand,V (2771) Batumi 2018}) 7. cxd4 b5 8. Bc2 d6 9. h3 {LiveBook: 10 Games} Nf6 10. Nc3 O-O 11. O-O Bb7 $146 ({Predecessor:} 11... Re8 12. Re1 Bb7 13. a3 {½-½ (31) Acs,P (2588)-Yankelevich,L (2440) Austria 2018}) 12. Bg5 h6 13. Bh4 Qd7 14. a3 Na5 {[%cal Bc6a5,Ba5c4,Bc4b2][%mdl 32]} 15. Re1 Rfe8 16. Qc1 Kh7 {[#]} (16... Nh5 $11 {remains equal.}) 17. Qf4 (17. e5 $1 $16 {[%cal Re5f6]} Nd5 18. Ne4) 17... Nh5 $1 $11 {[%cal Rh5f4]} 18. Qh2 Nc4 19. g4 Nf6 20. Qf4 Ng8 (20... Qe6 $11) 21. Ne2 $2 (21. b3 $1 $14 {keeps the upper hand.} Nxa3 22. Rxa3) 21... Nxb2 $17 22. Ng3 c5 23. g5 (23. Ra2 $17 {was necessary.} Nc4 24. dxc5) 23... cxd4 {And now ...Rac8 would win.} 24. gxh6 Bxh6 25. Ng5+ {[#]} (25. Bg5 $142 Rac8 26. Rec1) 25... Kg7 $1 $19 26. Qd2 Nc4 27. Qxd4+ f6 28. Kg2 Bc8 (28... Bxg5 29. Bxg5 Qe6 30. Bb3 $17) 29. Rh1 Qa7 (29... Bxg5 30. Bxg5 Qa7 31. Qxa7+ Rxa7 32. Bf4 $17) (29... Ne5 30. Nf3 $19) 30. Nf3 Qxd4 31. Nxd4 Kf7 {Strongly threatening ...g5.} 32. Nge2 (32. a4 $142) 32... Bb7 33. f3 d5 34. exd5 Ne3+ ({But not} 34... Bxd5 35. Bb1 $19) 35. Kf2 Nxc2 ({Less strong is} 35... Nxd5 36. Bb3 $17) ({Don't do} 35... Bxd5 36. Bd3 $19) 36. Nxc2 Bxd5 37. Rhd1 Rad8 38. Nc3 Bb3 39. Rxd8 Rxd8 40. Ne1 Rd2+ 41. Kg1 Be3+ 42. Kh1 g5 43. Bg3 f5 {[%cal Bf6f5,Bf5f4][%mdl 32]} 44. Rb1 Bc4 45. a4 f4 46. Bh2 Nf6 {Threatens to win with ...Bd4.} 47. axb5 axb5 48. Bg1 Kg6 49. Ng2 Bxg1 50. Kxg1 Rd3 51. Nxb5 Rxf3 52. h4 $2 (52. Nd6 Bd5 53. Rb6) 52... Rg3 53. hxg5 Ng4 {Precision: White = 33%, Black = 69%.} 0-1